Learning Resource and Development

Bone games : (Record no. 16720)

MARC details
000 -LEADER
fixed length control field 01125cam a2200289 a 4500
001 - CONTROL NUMBER
control field bonegamesonemans00schu
003 - CONTROL NUMBER IDENTIFIER
control field CaSfIA
005 - DATE AND TIME OF LATEST TRANSACTION
control field 20230525154648.0
007 - PHYSICAL DESCRIPTION FIXED FIELD--GENERAL INFORMATION
fixed length control field cr||||
008 - FIXED-LENGTH DATA ELEMENTS--GENERAL INFORMATION
fixed length control field 851209r19861984nyu 000 0 eng
010 ## - LIBRARY OF CONGRESS CONTROL NUMBER
LC control number 85029363
040 ## - CATALOGING SOURCE
Original cataloging agency DLC
Transcribing agency DLC
Modifying agency MUQ
-- BTCTA
-- BAKER
-- YDXCP
-- CaSfIA
020 ## - INTERNATIONAL STANDARD BOOK NUMBER
International Standard Book Number 0880640588 (pbk.) :
Terms of availability $7.95
020 ## - INTERNATIONAL STANDARD BOOK NUMBER
International Standard Book Number 9780880640589 (pbk.)
035 ## - SYSTEM CONTROL NUMBER
System control number (OCoLC)12976055
050 10 - LIBRARY OF CONGRESS CALL NUMBER
Classification number GV706.4
Item number .S35 1986
082 00 - DEWEY DECIMAL CLASSIFICATION NUMBER
Classification number 796/.01
Edition number 19
100 1# - MAIN ENTRY--PERSONAL NAME
Personal name Schultheis, Rob.
245 10 - TITLE STATEMENT
Title Bone games :
Medium [electronic resource]
Remainder of title one man's search for the ultimate athletic high /
Statement of responsibility, etc. Rob Schultheis.
260 ## - PUBLICATION, DISTRIBUTION, ETC.
Place of publication, distribution, etc. New York :
Name of publisher, distributor, etc. Fromm International Pub. Corp.,
Date of publication, distribution, etc. 1986, c1984.
300 ## - PHYSICAL DESCRIPTION
Extent 181 p. ;
Dimensions 21 cm.
500 ## - GENERAL NOTE
General note Reprint. Originally published: New York : Random House, 1984.
650 #0 - SUBJECT ADDED ENTRY--TOPICAL TERM
Topical term or geographic name entry element Sports
General subdivision Psychological aspects.
650 #6 - SUBJECT ADDED ENTRY--TOPICAL TERM
Topical term or geographic name entry element Sports
General subdivision Aspect psychologique.
856 41 - ELECTRONIC LOCATION AND ACCESS
Uniform Resource Identifier <a href="http://www.archive.org/details/bonegamesonemans00schu">http://www.archive.org/details/bonegamesonemans00schu</a>
Public note Free eBook from the Internet Archive
856 42 - ELECTRONIC LOCATION AND ACCESS
Uniform Resource Identifier <a href="http://www.openlibrary.org/books/OL2547435M">http://www.openlibrary.org/books/OL2547435M</a>
Public note Additional information and access via Open Library
Holdings
Withdrawn status Lost status Damaged status Not for loan Collection Home library Current library Date acquired Total Checkouts Date last seen Price effective from Koha item type
        Project Gutenberg Main Library Main Library 05/25/2023   05/25/2023 05/25/2023 EBooks